000
00289nam a22001217a 4500
999
_c
13258
_d
13258
020
_a
9789697280384
082
_a
QP535.C2
100
_a
Dr Sahar Afshan
245
_a
Europe Under US Imperialism
260
_a
Lahore Pakistan
_b
Peace Publications
_c
2021
300
_a
190 pages
942
_c
BK